Don Quixote de la Mancha (Record no. 3152)

MARC details
000 -CABECERA
campo de control de longitud fija 01457nam a2200313 a 4500
001 - NÚMERO DE CONTROL
campo de control BRCA_3416
005 - FECHA Y HORA DE LA ÚLTIMA TRANSACCIÓN
campo de control 20190320204255.0
041 ## - CÓDIGO DE LENGUA
Código de lengua del texto/banda sonora o título independiente eng
044 ## - CÓDIGO DEL PAÍS DE LA ENTIDAD EDITORA/PRODUCTORA
Código MARC del país enk
084 ## - OTRO NÚMERO DE CLASIFICACIÓN
Número de clasificación 705
Número de documento/Ítem .N66
-- 1930
100 1# - ENTRADA PRINCIPAL--NOMBRE DE PERSONA
Nombre de persona Cervantes Saavedra, Miguel de
Fechas asociadas al nombre 1547-1616
9 (RLIN) 213
245 10 - MENCIÓN DE TÍTULO
Título Don Quixote de la Mancha
Resto del título The History of the Renowned Don Quixote de la Mancha
Mención de responsabilidad, etc. Written by Miguel de Cervantes Saavedra.
260 ## - PUBLICACIÓN, DISTRIBUCIÓN, ETC.
Lugar de publicación, distribución, etc. Londres
Nombre del editor, distribuidor, etc. The Nonesuch Press
Fecha de publicación, distribución, etc. 1930
300 ## - DESCRIPCIÓN FÍSICA
Extensión 2 v.
Otras características físicas il. en sepia
Dimensiones 24 cm.
500 ## - NOTA GENERAL
Nota general Contenido : v.1. Primera parte. Noticia sobre el autor. Prólogo de Cervantes. -- v.2. Segunda parte. Prólogo de Cervantes
500 ## - NOTA GENERAL
Nota general Edición : Translation Revised and Corrected by J. Ozell,with 21 Illustrations by E. Mcknight Kauffer
500 ## - NOTA GENERAL
Nota general Traducción de Motteux revisada, corregida y anotada por J. Ozell. Va adornada con ilustraciones de E. Mcknight Kauffer. Edición limitada. LLeva el número 531. Piel Lúdovik Osterc
500 ## - NOTA GENERAL
Nota general QM1310
546 ## - NOTA DE LENGUA/LENGUAJE
Nota de lengua/lenguaje Texto en : inglés
650 14 - PUNTO DE ACCESO ADICIONAL DE MATERIA--TÉRMINO DE MATERIA
Término de materia o nombre geográfico como elemento de entrada Novela española
Subdivisión cronológica Época clásica, 1500-1700
9 (RLIN) 215
650 14 - PUNTO DE ACCESO ADICIONAL DE MATERIA--TÉRMINO DE MATERIA
Término de materia o nombre geográfico como elemento de entrada Literatura española
Subdivisión cronológica Época clásica, 1500-1700
9 (RLIN) 216
650 14 - PUNTO DE ACCESO ADICIONAL DE MATERIA--TÉRMINO DE MATERIA
Término de materia o nombre geográfico como elemento de entrada Novela española
Subdivisión cronológica Siglo XVII
9 (RLIN) 217
650 14 - PUNTO DE ACCESO ADICIONAL DE MATERIA--TÉRMINO DE MATERIA
Término de materia o nombre geográfico como elemento de entrada Don Quixote (Personaje ficticio)
Término indicativo de función/relación Novela
9 (RLIN) 8965
700 1# - PUNTO DE ACCESO ADICIONAL--NOMBRE DE PERSONA
Nombre de persona Ozell, John
Fechas asociadas al nombre ?-1743
Término indicativo de función/relación Editor
9 (RLIN) 8966
700 1# - PUNTO DE ACCESO ADICIONAL--NOMBRE DE PERSONA
Nombre de persona Mcknight Kauffer, Edward
Fechas asociadas al nombre 1890-1954
Término indicativo de función/relación Ilustrador
9 (RLIN) 8967
740 0# - PUNTO DE ACCESO ADICIONAL--TÍTULO RELACIONADO O ANALÍTICO NO CONTROLADO
Título relacionado o analítico no controlado El Ingenioso Hidalgo Don Quijote de la Mancha
902 ## - CATALOGADOR
Iniciales QFM
942 ## - ELEMENTOS DE PUNTO DE ACCESO ADICIONAL (KOHA)
Fuente del sistema de clasificación o colocación Library of Congress Classification
Tipo de ítem Koha Libros
Holdings
Estado de retiro Estado de pérdida Estado dañado No para préstamo Localización permanente Ubicación/localización actual Fecha de adquisición Número de inventario Total de préstamos Signatura topográfica completa Código de barras Fecha visto por última vez Precio válido a partir de Tipo de ítem Koha
El ejemplar forma parte de la colección y puede ser consultado según las políticas vigentes.       Biblioteca del Museo Franz Mayer (Rogerio Casas-Alatriste) Biblioteca del Museo Franz Mayer (Rogerio Casas-Alatriste) 13/04/2009 QM1310   705 .N66 1930 (QM1310) 3413 22/03/2019 22/03/2019 Libros